000 00879nam a2200253 c 4500
001 a5224294
003 CO-ViMGA
005 20230915234536.0
008 120620s2011 sp a | |||| 000 1 spa
020 _a9788498858778
040 _aCO-ViMGA
_bspa
_cCO-ViMGA
041 1 _heng
082 0 4 _a741.5
_bE55i
245 0 3 _aLa iniciativa /
_cEllis, Bendis [guión] ; Knauf, De la Torre [dibujo] ; [Santiago García, traduccin̤]
260 _aTorroella de Montgrí, Girona
_bPanini España ;
_aBarcelona
_bdistribución, SD Distribuciones
_cD.L. 2011.
300 _a[144] p.
_bprincipalmente il. col.
_c27 cm.
490 0 _aIron Man, director de S.H.I.E.L.D.
_v1
490 0 _aMarvel deluxe
650 1 4 _aComics
_9284
650 1 4 _aTiras comicas, historietas, etc.
_92479
700 1 _aEllis, Warren
_d1968-
_99182
700 1 _aKnauf, Charles
_99109
942 _2ddc
_cBK
999 _c37899
_d37899